Hướng dẫn ôn thi môn Triết học Mác - Lênin /

Spremljeno u:
Bibliografski detalji
Glavni autor: Trương Văn Phúc
Daljnji autori: Nguyễn Hữu Vui, Vũ Ngọc Pha
Format: Sách giấy
Jezik:Vietnamese
Izdano: Hà Nội : Chính trị Quốc gia , 1998
Oznake: Dodaj oznaku
Bez oznaka, Budi prvi tko označuje ovaj zapis!
Thư viện lưu trữ: Thư viện Trường Đại học Đà Lạt
LEADER 00727nam a2200277 4500
001 DLU020015081
005 ##7/26/2000
020 # # |a 978- 
041 # # |a vie 
082 # # |a 335.401  |b Huo 
090 # # |a 335.401  |b Huo 
100 # # |a Trương Văn Phúc 
245 # # |a Hướng dẫn ôn thi môn Triết học Mác - Lênin /  |c Phúc Trương Văn, Pha Vũ Ngọc, Vui Nguyễn Hữu 
260 # # |a Hà Nội :  |b Chính trị Quốc gia ,  |c 1998 
300 # # |a 112 tr.;   |c 19 cm. 
700 # # |a Nguyễn Hữu Vui 
700 # # |a Vũ Ngọc Pha 
992 # # |a 9000 
994 # # |a DLU 
900 # # |a False 
911 # # |a Administrator 
925 # # |a G 
926 # # |a A 
927 # # |a SH 
980 # # |a Thư viện Trường Đại học Đà Lạt